=LDR 00000nam 2200000 4500 =001 INLIS000000000049052 =005 20210113102259 =035 ##$$a 0010-011700000000333 =008 210113################g##########0#ind## =020 ##$$a 978-602-217-153-9 =040 ##$$a NBPDMAT =082 ##$$a 338 04 =090 ##$$a 338 04 Sud k =100 ##$$a Sudradjad =245 1#$$a Kiat mengetaskan penganguran & kemiskinan melalui wirausaha /$c Drs .Sudradjad, M .M. ; Editor, Dewi Ispurwanti, s.s. =250 ##$$a Cet .2 =260 ##$$a Jakarta :$b Bumi Aksara,$c 2012 =300 ##$$a 21 cm : $b ilus. ; $c 21 x 15 cm. =500 ##$$a Bibliografi : hlm .96 =500 ##$$a Biografi : hlm . 97 - 98 =650 #4$$a Kewiraswastaan =700 #$$a Dewi Ispurwati =084 ##$$a 338 04 SUD k =990 ##$$a 21601570 =990 ##$$a 21601571 =990 ##$$a 21601572 =990 ##$$a 21601573 =990 ##$$a 21601574 =990 ##$$a 21601574 =990 ##$$a 21601570 =990 ##$$a 21601571 =990 ##$$a 21601572 =990 ##$$a 21601573 =990 ##$$a 21601573 =990 ##$$a 21601570 =990 ##$$a 21601571 =990 ##$$a 21601572 =990 ##$$a 21601574 =990 ##$$a 21601572 =990 ##$$a 21601570 =990 ##$$a 21601571 =990 ##$$a 21601573 =990 ##$$a 21601574 =990 ##$$a 21601571 =990 ##$$a 21601570 =990 ##$$a 21601572 =990 ##$$a 21601573 =990 ##$$a 21601574 =990 ##$$a 21601570 =990 ##$$a 21601571 =990 ##$$a 21601572 =990 ##$$a 21601573 =990 ##$$a 21601574 =990 ##$$a 13531353 =990 ##$$a 13531353 =990 ##$$a 13531353 =990 ##$$a 21303188 =990 ##$$a 21601570 =990 ##$$a 21601571 =990 ##$$a 21601572 =990 ##$$a 21601573 =990 ##$$a 21601574 =990 ##$$a 1201344914 =990 ##$$a 1201344915 =990 ##$$a 21303184 =990 ##$$a 21601570 =990 ##$$a 21601571 =990 ##$$a 21601572 =990 ##$$a 21601573 =990 ##$$a 21601574 =990 ##$$a 1201344914 =990 ##$$a 21303188 =990 ##$$a 21303185 =990 ##$$a 21601570 =990 ##$$a 21601571 =990 ##$$a 21601572 =990 ##$$a 21601573 =990 ##$$a 21601574 =990 ##$$a 21303184 =990 ##$$a 21303188 =990 ##$$a 21601572 =990 ##$$a 21601570 =990 ##$$a 21601571 =990 ##$$a 21601573 =990 ##$$a 21601574 =990 ##$$a 21303185 =990 ##$$a 21303184 =990 ##$$a 21303188 =990 ##$$a 21601570 =990 ##$$a 21601571 =990 ##$$a 21601572 =990 ##$$a 21601573 =990 ##$$a 21601574 =990 ##$$a 21303185 =990 ##$$a 21303184 =990 ##$$a 21303188 =990 ##$$a 21601571 =990 ##$$a 21601570 =990 ##$$a 21601572 =990 ##$$a 21601573 =990 ##$$a 21601574 =990 ##$$a 21303185 =990 ##$$a 21303184 =990 ##$$a 21303188